Introduction to security and network forensics (Record no. 47987)

MARC details
000 -LEADER
fixed length control field 00632nam a2200157 a 4500
008 - FIXED-LENGTH DATA ELEMENTS--GENERAL INFORMATION
fixed length control field 210222s2011 xx |||||||||||||| || u
020 ## - INTERNATIONAL STANDARD BOOK NUMBER
International Standard Book Number 9780849335686
050 ## - LIBRARY OF CONGRESS CALL NUMBER
Classification number QA 76.9 A25 Buc
100 ## - MAIN ENTRY--PERSONAL NAME
Personal name Buchanan, William J
245 10 - TITLE STATEMENT
Title Introduction to security and network forensics
Statement of responsibility, etc. By William J. Buchanan
260 ## - PUBLICATION, DISTRIBUTION, ETC.
Place of publication, distribution, etc.
Name of publisher, distributor, etc. CRC Press
Date of publication, distribution, etc. 2011
300 ## - PHYSICAL DESCRIPTION
Extent xv, 477 pages : illustrations
650 #0 - SUBJECT ADDED ENTRY--TOPICAL TERM
Topical term or geographic name entry element COMPUTER SECURITY
650 #0 - SUBJECT ADDED ENTRY--TOPICAL TERM
Topical term or geographic name entry element COMPUTER NETWORKS--SECURITY MEASURES
995 ## - RECOMMENDATION 995 [LOCAL, UNIMARC FRANCE]
-- 77.55
-- CBU-MAIN LIBRARY (Kitwe)
-- 1
-- AVAILABLE
-- Mar 2, 2021
-- Main Library Open Access Collection
Holdings
Withdrawn status Lost status Source of classification or shelving scheme Damaged status Not for loan Home library Current library Shelving location Date acquired Total Checkouts Full call number Barcode Date last seen Price effective from Koha item type
          CBU-MAIN LIBRARY, KITWE. CBU-MAIN LIBRARY, KITWE.   11/30/2022   QA 76.9 A25 Buc 750786 11/30/2022 11/30/2022 MONOGRAPH